South Korea National Football Team - Statistics

General Stats
  • This quiz has been taken 108 times
  • The average score is 11 of 20
Answer Stats
Goals Caps Player % Correct
54 140 Son Heung-min
99%
36 89 Park Lee-chun
90%
10 110 Ki Sung-yueng
82%
29 72 Kim Do-hoon
76%
5 124 Kim Ho-kon
76%
33 57 Kim Jae-han
76%
27 94 Kim Jin-kook
76%
7 112 Kim Young-gwon
76%
33 105 Lee Dong-gook
73%
27 72 Lee Tae-ho
73%
0 133 Lee Woon-jae
73%
5 127 Lee Young-pyo
73%
58 136 Cha Bum-kun
54%
50 103 Hwang Sun-hong
52%
1 113 Cho Young-jeung
24%
10 136 Hong Myung-bo
19%
18 122 Yoo Sang-chul
13%
30 103 Choi Soon-ho
11%
27 67 Choi Yong-soo
11%
29 84 Huh Jung-moo
6%
No matching quizzes found
Score Distribution
Percent of People with Each Score
Percentile by Number Answered
Your Score History
You have not taken this quiz